00861nam a2200169Ia 4500008004100000020001800041082002500059110003600084245003300120250000700153260002300160300001100183505026800194650010100462952011100563999001700674120622s9999 xx 000 0 und d a968-24-3159-X a343.04072 M611p 1989 aMéxico. Leyes, decretos, etc. aProntuario de leyes fiscales a15 aMéxico : Trillas a856 p. aContenido: Ley del impuesto sobre la renta y su reglamento. -- Ley del IVA y su reglamento.-- Código fiscal de la federación y su reglamento. -- Ley orgánica del tribunal fiscal de la federación. -- Reglamento interior de la SH y CP. -- Ley de impuesto so a1. DERECHO FISCAL - LEGISLACION - MEXICO \ 2. RECAUDACION DE IMPUESTOS - LEGISLACION - MEXICOÌ 00104070a01b01d2007-01-25l2o343.04072 M611P 1989p01 001476r2018-10-22s2018-10-22w2012-06-24yLB c56046d56046